El precio de la ortodoxia (Registro nro. 24590)

Detalles MARC
000 -LEADER
fixed length control field 00318 a2200109 4500
001 - CONTROL NUMBER
control field ART_9483
005 - DATE AND TIME OF LATEST TRANSACTION
control field 20260410161846.0
008 - FIXED-LENGTH DATA ELEMENTS--GENERAL INFORMATION
fixed length control field 260409a
100 1# - MAIN ENTRY--PERSONAL NAME
Personal name Lagos, Ricardo
245 10 - TITLE STATEMENT
Title El precio de la ortodoxia
773 0# - HOST ITEM ENTRY
Title El trimestre económico
Related parts - Vol. LII, Nº 205 (ene./mar. 1985)
Record control number REV6933

No hay ítems disponibles.